000 00495nam a2200145 4500
999 _c10729
_d10729
008 180918b ||||| |||| 00| 0 eng d
022 _a2094-8042
082 _aDPer 370.105 M72 Jan-Dec 2011 v59-60
100 _931283
_aDicdican, Romulo C.
245 _aUnderstanding the nature of mathematics/
_cRomulo C. Dicdican.
260 _aPhilippines:
_bIn the Grade School, Inc.,
_cc2011.
300 _av60 n4, page 163;
_c27cm.
650 0 _931284
_aMathematics
_xUnderstanding.
942 _2ddc
_cPER